The horse and the donkey

Bibliographic Details
Corporate Author: Title
Format: Book
Published: Selangor : Kohwai & Young publications , 2003
Series:Popular fables series
Subjects:

MARC

LEADER 00000cam a2200000 7i4500
001 0000006837
005 20220105104026.0
008 070822
020 |a 9831915224 
090 0 0 |a JP   |b ENG (6470) 
245 1 4 |a The horse and the donkey   |c Retold by Rose Wilsone 
260 |a Selangor :   |b Kohwai & Young publications ,   |c 2003 
440 0 |a Popular fables series 
500 |a Children age 4-6 years old (yellow) 
650 0 |a Children's story, English 
710 0 |a Title 
999 |a 0000000151   |b Book   |c Children Collection   |e Cawangan Taman Universiti 
999 |a 0000000152   |b Book   |c Children Collection   |e Cawangan Taman Universiti 
999 |a 0000987501   |b Book   |c Children Collection   |e Cawangan Tmn. Ungku Tun Aminah 
999 |a 0000987502   |b Book   |c Children Collection   |e Cawangan Tmn. Ungku Tun Aminah 
999 |a 0000987503   |b Book   |c Children Collection   |e Cawangan Tmn. Ungku Tun Aminah 
999 |a 0000987504   |b Book   |c Children Collection   |e Cawangan Tmn. Ungku Tun Aminah 
999 |a 0000987505   |b Book   |c Children Collection   |e Cawangan Tmn. Ungku Tun Aminah 
999 |a 0001049779   |b Book   |c Children Collection   |e Cawangan Tmn. Ungku Tun Aminah 
999 |a 0001049780   |b Book   |c Children Collection   |e Cawangan Pontian